Представление документа в формате RUSMARC

ПолеНазваниеЗначение
  Тип записи a
  Библиографический уровень c
001 Контрольный номер RU/SLIB/B/208776152
005 Дата корректировки 20250317123356.5
010 Индекс ISBN __
d Цена 1-37
101 Язык документа 0_
a Язык текста rus
200 Заглавие и сведения об ответственности 1_
f Первые сведения об ответственности Г. С. Фиш
b Общее обозначение материала Текст
a Заглавие Избранные произведения
e Сведения, относящиеся к заглавию в 2 т.
h Номер части Т. 1
i Наименование части Падение Кимас-озера
i Наименование части Третий поезд
i Наименование части Мы вернемся, Суоми
i Наименование части Ялгуба
210 Выходные данные 1_
a Место издания М.
c Издательство Худож. лит.
d Дата издания 1976
215 Физическое описание __
a Объем 637 с., 1 л. портр.
606 Тематические рубрики __
a Основная рубрика Художественная литература
z Хронологическая подрубрика 20 в.
y Географическая подрубрика Россия
606 Тематические рубрики __
a Основная рубрика Русская литература XX в. (произведения)
610 Ключевые слова 0_
a Ключевые слова писатели; проза; прозаики; рассказы; повести; романы
686 Индексы других классификаций __
a Классификационный индекс 84(2Рос=Рус)6-4
700 Автор _1
a Фамилия Фиш
b Имя Г. С.
g Полное личное имя Геннадий
4 Код отношения 070
801 Источник записи _0
a Страна RU
b Организация Муниципальное бюджетное учреждение культуры "Централизованная библиотечная система" г. Сургут (Центральная городская библиотека им. А. С. Пушкина)
g Правила каталогизации КиК/Лебедева
801 Источник записи _1
a Страна RU
b Организация Муниципальное бюджетное учреждение культуры "Централизованная библиотечная система" г. Сургут (Центральная городская библиотека им. А. С. Пушкина)
g Правила каталогизации КиК/Лебедева
852 Данные о местонахождении __
j Шифр хранения 84(2Рос=Рус)6-4
i Авторский знак Ф 68
p Инвентарный номер 74715(с)
901 Тип документа __
t Тип документа x
969 Тип издания __
a Тип издания сборник
990 Данные о заказе (DOS) __
j Количество экземпляров (DOS) 1
t N записи в КСУ для И/У (DOS) 199101